| 000 | 00000nas 2200000za 4500 |
| 001 | 9.813641 |
| 003 | CaOODSP |
| 005 | 20221107141604 |
| 007 | cr ||||||||||| |
| 008 | 160323d19781980oncar p oss f000#a0eng|d |
| 022 | |y0227-180X |
| 040 | |aCaOODSP|beng |
| 041 | |aeng|afre |
| 043 | |an-cn--- |
| 086 | 1 |aCS91-204-PDF |
| 245 | 00|aEstimates of families for Canada and the provinces |h[electronic resource] / |cStatistics Canada, Demography Division, Population Estimates Section = Estimations des familles pour le Canada et les provinces / Statistique Canada, Division de la démographie, Section des estimations démographiques. |
| 246 | 11|aEstimations des familles pour le Canada et les provinces |
| 260 | |aOttawa : |bStatistics Canada, |c1980-1982. |
| 310 | |aAnnual |
| 362 | 0 |a1977/1978 ; 1978 final/1979 preliminary-1979 final/1980 preliminary. |
| 500 | |aDigitized edition from print [produced by Statistics Canada]. |
| 546 | |aText in English and French. |
| 692 | 07|2gccst|aPopulation |
| 692 | 07|2gccst|aFamily |
| 692 | 07|2gccst|aDemographic statistics |
| 710 | 1 |aCanada. |bStatistics Canada. |bPopulation Estimates Section. |
| 780 | 00|tEstimates of families in Canada |w(CaOODSP)9.813601 |
| 785 | 00|tPostcensal estimates of families, Canada, provinces and territories |w(CaOODSP)9.813644 |
| 792 | |tEstimates of families for Canada and the provinces |efre|w(CaOODSP)9.813642 |